000 01202nmc a2200409 a 4500
003 AR-BaBNM
005 20251128202815.0
008 100020s1962 ||||||||||||||000 | spa||
040 _cAR-BaBNM
100 1 _aPineta, Alberto
245 1 0 _aVerde memoria
_btres décadas de literatura y periodismo en una autobiografía : los grupos de Boedo y Florida
260 _aBuenos Aires
_bEdiciones Antonio Zamora
_c1962
300 0 _a227 p.
490 0 _aArgentoria
_vv. 15
600 1 4 _aMallea, Eduardo
600 1 4 _aVedia, Leónidas
600 1 4 _aFernández, Macedonio
_d1874-1952
600 1 4 _aArlt, Roberto
600 1 4 _aFijman, Jacobo
600 1 4 _aTallón, José Sebastián
600 1 4 _aLaferrere, Alfonso De
600 1 4 _aMéndez Calzada, Enrique
600 1 4 _aRojas, Ricardo
600 1 4 _aLugones, Leopoldo
600 1 4 _aRega Molina, Horacio
600 1 4 _aLeumann, Carlos Alberto
600 1 4 _aBernández, Francisco Luis
650 4 _aLITERATURA ARGENTINA
650 4 _aSIGLO DIECINUEVE
650 4 _aGENERACION DE 1880
650 4 _aPERIODISMO
650 4 _aAUTOBIOGRAFIAS
650 4 _aCRITICA LITERARIA
655 _aLITERATURA
942 _cBK
998 _cCarmen
999 _c668
_d668